000 00778nam a2200217 a 4500
008 951121s1988||||[C 0 slo c
020 _c19 Kčs.
_q(18000 výtl.)
040 _aSNK
_bslo
_cSNK
_eAACR2
041 1 _aslo
_hrus
044 _axo
_cSK
080 _a141.82(081)
100 1 _aLenin, Vladimir Iľjič
_4aut
245 1 0 _aZobrané spisy. /Zv./ 44
_bJún 1921-marec 1922
_cVladimir Iľjič Lenin ; Dana Kopčoková, Oto Takáč
250 _a2., vyd.
260 _aBratislava
_bPravda
_c1988
_eBratislava
_fPravda
300 _a897 s., 35,88 AH
_bFot.
_c21 cm
500 _aLit. 208. Pozn. Zozn. Reg. lit. prác a prameňov a men. Životopis. údaje. 208 zázn. v slov., češ. a ruš.
700 1 _aKopčoková, Dana
_4trl
700 1 _aTakáč, Oto
_4bkd
958 _aA
999 _c15459
_d15459